000
00337nam a2200157Ia 4500
100
_a
Storer/James A
650
_a
Datastructures
942
_c
BK
366
_f
20
245
_a
Introduction to datastructures and algorithms
260
_b
Springer
_c
2002
082
_a
5.74
_b
STO
300
_a
598
546
_a
ENGLISH
999
_c
23715
_d
23715